01323nam a22003017a 4500003000400000005001700004008004100021040002200062082001800084100002500102245003000127260006000157300002100217366000800238490002800246505002600274505007600300505025600376505001200632650005500644650004700699650004800746650004300794650004500837650005600882650004700938700003600985OSt20230622093630.0221006b |||||||| |||| 00| 0 eng d cBiblioteca Lado V a709.05bG851a aGriffin, Timeeditor aArtforum/bInternacional/ aNew Yorkc1993bNew York editorial and business offices c26.5x27cma144p. eeng aSUMMERv1993x0864-1315 tArtforum Contributors tCOLUMNSaECOCULTURE GLAMOUR WOUNDS FILM BOOKS REAL LIFE ROCK PRESS tFEATURESaREAL IMAGINARY PLACES: JEAN-MARC BUSTAMANTE STILLED LIVES LONDON CALLING: THE SIXTIES ART SCENE IN LONDON MORTAL ELEMENTS SPIRITS EITHER SEX ASSUME APART WITHOUT A FACE A FAN'S NOTES OPENINGS: CHERYL DONEGAN BOOKFORUM: SUMMER READING tREVIEWS 2Tesauro de Arte & ArquitecturaaARTE COMTEMPORANEO 2Tesauro de Arte & ArquitecturaaFOTOGRAFIA 2Tesauro de Arte & ArquitecturaaARTE VISUAL 2Tesauro de Arte & ArquitecturaaLIBROS 2Tesauro de Arte & ArquitecturaaNOTICIAS 2 Tesauro de Arte & ArquitecturaaARTE INTERNACIONAL 2 Tesauro de Arte & ArquitecturaaESCULTURA aNavarreta, Jose Antonioeeditor